000 00338nam a22001217a 4500
999 _c9765
_d9765
003 OSt
008 201212b ||||| |||| 00| 0 eng d
245 _aIndian Journal of Industrial Relations
250 _a2016(Jan Vol.51 No.1, Apr Vol.51 No.2)
260 _aNew Delhi
_bShri Ram Centre
650 _aMechanical Engineering
942 _2ddc
_cBV